| 000 | 00486nam a2200181Ia 4500 | ||
|---|---|---|---|
| 005 | 20240730101533.0 | ||
| 008 | 131103s9999 xx 000 0 und d | ||
| 040 | _aLoreto College | ||
| 041 | _aEnglish | ||
| 082 |
_a821 _bSMI |
||
| 100 | _aSmith, J. Westgate | ||
| 245 |
_aAt first sight _b poems for analysis and appreciation _cJ. Westgate Smith |
||
| 260 |
_aLondon _bUniversity of London _c1964 |
||
| 300 | _a88p. | ||
| 650 | _aEnglish poetry | ||
| 850 | _aLCBED | ||
| 942 | _cBK | ||
| 999 |
_c29853 _d80332 |
||